000 00326nam a2200133Ia 4500
005 20251222144720.0
008 251222s9999||||xx |||||||||||||| ||spa||
020 _a9972-9356-0-X
082 _a363.7/R18
100 _aCarranza Noriega, Raymundo
245 0 _aMedio Ambiente:
264 _bFondo Editorial UNAC
942 _cLIB
999 _c18187
_d18187